Detekcia škodlivého kódu pomocou dynamickej analýzy

Guardado en:
Detalles Bibliográficos
Autor principal: Manca, Adam, 1990- (Autor)
Otros Autores: Balogh, Štefan, 1972- (Orientador)
Formato: Manuscrito Libro
Lenguaje:eslovaco
Publicado: Bratislava : STU v Bratislave FEI, 2012
Materias:
Acceso en línea:VAIS
Etiquetas: Agregar Etiqueta
Sin Etiquetas, Sea el primero en etiquetar este registro!

MARC

LEADER 00000ntm a22000003a 4500
001 stu252858
005 20150617230225.2
008 120721s2012----xo------------------slo-d
040 |a STU  |b slo 
041 0 |a slo 
044 |a xo 
100 1 |a Manca, Adam,  |d 1990-  |4 aut  |u E  |T FEI Fakulta elektrotechniky a informatiky  |X 69481  |U E  |Y 30  |7 A000069481 
242 0 0 |a Detection of malware using dynamic analysis  |y eng 
245 1 |a Detekcia škodlivého kódu pomocou dynamickej analýzy 
260 |a Bratislava :  |b STU v Bratislave FEI,  |c 2012 
300 |a 40 s  |c 2 príl. 
650 7 |a Applied Informatics  |2 estusub 
650 7 |a dynamická analýza  |2 stusub 
700 1 |a Balogh, Štefan,  |d 1972-  |4 ths  |u E050  |U FEI Fakulta elektrotechniky a informatiky  |T FEI Ústav informatiky a matematiky  |X 30190  |U E050  |Y 816  |7 A000030190 
856 4 |a info a plný text  |u http://is.stuba.sk/zp/portal_zp.pl?podrobnosti=71156  |3 VAIS 
996 |b 284ER00897  |c E*Bc-897  |l EE35  |s P  |a 0  |w stu252858_0001